22/23 Current English Premier League Top Goal Scorers - Statistics

General Stats
  • This quiz has been taken 80 times
  • The average score is 24 of 31
Answer Stats
Club Nationality Player % Correct
Manchester City (28) Norway Erling Haaland
100%
Tottenham Hotspur (20) England Harry Kane
100%
Manchester United (14) England Marcus Rashford
99%
Liverpool (11) Egypt Mohamed Salah
97%
Arsenal (12) Brazil Gabriel Martinelli
91%
Manchester City (9) England Phil Foden
91%
Brentford (16) England Ivan Toney
90%
Arsenal (10) Norway Martin Ødegaard
90%
Arsenal (10) England Bukayo Saka
88%
Tottenham Hotspur (6) South Korea Heung-Min Son
88%
Fulham (11) Serbia Aleksandar Mitrovic
86%
Liverpool (8) Brazil Roberto Firmino
86%
Newcastle United (11) Paraguay Miguel Almirón
84%
Liverpool (8) Uruguay Darwin Núñez
83%
Newcastle United (6) Sweden Alexander Isak
81%
Chelsea (6) Germany Kai Havertz
81%
Leicester City (9) England James Maddison
77%
Aston Villa England Ollie Watkins
77%
Crystal Palace (6) Cote D’Ivoire Wilfried Zaha
74%
Brighton & Hove Albion (7) Argentina Alexis Mac Allister
72%
Brighton & Hove Albion (6) Japan Kaoru Mitoma
72%
Arsenal (8) Belgium Leandro Trossard
72%
Newcastle United (7) England Callum Wilson
71%
Leeds United (10) Spain Rodrigo
70%
Southampton (6) England James Ward-Prowse
65%
Brighton & Hove Albion (6) Germany Pascal Groß
65%
Leicester City (8) England Harvey Barnes
61%
Nottingham Forest (7) Wales Brennan Johnson
55%
Bournemouth (6) Denmark Philip Billing
49%
Brighton & Hove Albion (7) England Solly March
48%
West Ham United (8) England Danny Ings
38%
No matching quizzes found
Score Distribution
Percent of People with Each Score
Percentile by Number Answered
Your Score History
You have not taken this quiz